California Football: Top 10 All-Time Leaders - Statistics

General Stats
  • This quiz has been taken 5 times
  • The average score is 18 of 62
Answer Stats
Category # Player Amount % Correct
Passing Yards 1 Jared Goff 12,200
100%
Receiving Yards 5 DeSean Jackson 2,423
75%
Rushing Yards 10 Jaydn Ott 2,587
50%
Rushing Yards 2 Marshawn Lynch 3,230
50%
Receiving Yards 8 Marvin Jones 2,270
50%
Rushing Yards 6 Paul Jones 2,881
50%
Sacks 1 Andre Carter 31.0
25%
Interceptions T8 Anthony Green 10
25%
Receiving Yards 2 Bobby Shaw 2,731
25%
Sacks 5 Brandon Whiting 24.5
25%
Receiving Yards T6 Brian Treggs 2,335
25%
Receiving Yards 4 Bryce Treggs 2,506
25%
Sacks T8 Cameron Goode 21.0
25%
Passing Yards 7 Chase Garbers 6,582
25%
Rushing Yards 5 Chuck Muncie 3,052
25%
Receiving Yards T6 Dameane Douglas 2,335
25%
Passing Yards 9 Dave Barr 6,305
25%
Tackles 1 David Ortega 525
25%
Interceptions 2 Daymeion Hughes 15
25%
Interceptions T6 Deltha O'Neal 11
25%
Tackles 7 Eddie Walsh 288
25%
Tackles 4 Evan Weaver 407
25%
Passing Yards 8 Gale Gilbert 6,566
25%
Receiving Yards 1 Geoff McArthur 3,188
25%
Tackles 2 Hardy Nickerson 501
25%
Rushing Yards 8 Jahvid Best 2,668
25%
Interceptions T8 Jaylinn Hawkins 10
25%
Tackles 3 Jerrott Willard 469
25%
Rushing Yards 9 J.J. Arrington 2,625
25%
Rushing Yards 4 Joe Igber 3,124
25%
Sacks T10 Joel Dickson 20.0
25%
Tackles 9 Jordan Kunaszyk 273
25%
Rushing Yards 3 Justin Forsett 3,220
25%
Receiving Yards 3 Keenan Allen 2,570
25%
Interceptions T8 Ken Moulton 10
25%
Interceptions 1 Ken Wiedemann 16
25%
Passing Yards 10 Kevin Riley 6,182
25%
Passing Yards 3 Kyle Boller 7,980
25%
Tackles 10 Majett Whiteside 268
25%
Interceptions T8 Matt Hazeltine 10
25%
Sacks 4 Mawuko Tugbenyo 25.0
25%
Tackles 5 Mike Mohamed 340
25%
Receiving Yards 10 Na'il Benjamin 2,196
25%
Passing Yards 6 Nate Longshore 6,783
25%
Passing Yards 4 Pat Barnes 7,047
25%
Interceptions T3 Paul Keckley 12
25%
Interceptions T3 Paul Larson 12
25%
Interceptions T3 Ray Youngblood 12
25%
Sacks 2 Regan Upshaw 28.0
25%
Passing Yards 5 Rich Campbell 6,933
25%
Interceptions T6 Ron Coccimiglio 11
25%
Tackles 6 Ron Rivera 336
25%
Sacks 7 Ron Rivera 22.0
25%
Rushing Yards 1 Russell White 3,246
25%
Sacks T8 Ryan Riddle 21.0
25%
Sacks T10 Sekou Sanyika 20.0
25%
Rushing Yards 7 Shane Vereen 2,734
25%
Tackles 8 Steve Hendrickson 286
25%
Passing Yards 2 Troy Taylor 8,126
25%
Sacks 3 Tully Banta-Cain 26.5
25%
Receiving Yards 9 Wesley Walker 2,206
25%
Sacks 6 Zack Follett 23.5
25%
No matching quizzes found
Score Distribution
Percent of People with Each Score
Percentile by Number Answered
Your Score History
You have not taken this quiz